000 00694 a2200217 4500
010 _aENG-89745
020 _c175.00
_a9788120334670
035 _aEN-73278
037 _bDBAD / PUB
082 1 4 _a515.35
090 _c11603
_d11603
100 1 _aMondal, C.R.
245 1 _aTextboook of ordinary differential equations/
_cby C.R. Mondal
250 _arev. ed.
260 _aNew Delhi
_bPrentice- Hall of India
_c2008
270 _aM-97, Connaught Circus,
_bNew Delhi
_e110 001
300 _ax, 185p.
_c24 cm (pbk)
500 _aIncludes index.
942 _adpl
_cEN
_k515.35 / MON
999 _c11286
_d11286